000 01233nab a22003017a 4500
999 _c6431
_d6431
003 OSt
005 20260202210251.0
008 190506c xxu||||| |||| 00| 0 spa d
040 _cPJ
100 _97019
_aCarbonero, Natalia Jacqueline
245 1 0 _aEfectos de la transformación digital en el derecho del trabajo /
_cNatalia Jacqueline Carbonero.
260 _aBuenos Aires :
_bAbeledoPerrot,
_c2023.
300 _ap. 48
500 _aCita: TR LALEY AR/DOC/650/2023
505 _aSumario: I. Contrato y relación de trabajo.— II. Transformaciones en la histórica tipicidad del contrato de trabajo.— III. Conclusión.
505 _t¿Te interesa el texto completo? Comunicate al correo: koha@justierradelfuego.gov.ar
650 0 _91316
_aDERECHO LABORAL
650 0 _91323
_aCONTRATO DE TRABAJO
650 0 _94439
_aTELETRABAJO
650 0 _9289
_aTECNOLOGIA DE LA INFORMACION
650 0 _96081
_aCIENCIA Y TECNOLOGÍA
650 0 _95233
_aPANDEMIA
650 0 _95817
_aINTELIGENCIA ARTIFICIAL
650 0 _9273
_aDERECHO INFORMATICO
650 0 _9281
_aINTERNET
773 0 _02751
_93202
_dBuenos Aires : AbeledoPerrot, 2013-
_tRevista de derecho laboral y seguridad social. Nº 9 - Mayo 2023
942 _2udc
_cANA